Nuevas dimensiones del comercio internacional
Saved in:
| Main Authors: | , |
|---|---|
| Format: | Book |
| Language: | Spanish |
| Published: |
Santiago
Universidad de Chile
1982
|
| Series: | Estudios Internacionales
|
| Subjects: | |
| Tags: |
Add Tag
No Tags, Be the first to tag this record!
|
MARC
| LEADER | 00000nam a2200000 a 4500 | ||
|---|---|---|---|
| 001 | UCV0491 | ||
| 003 | CL-VaPUC | ||
| 008 | 881006e19820000CL |||||||||||||||||spa|d | ||
| 082 | 0 | 4 | |a 341.75 |b ARM |2 21 |
| 100 | 0 | |a Armanet Armanet, Pilar |e author |9 294978 | |
| 700 | |a Barros Charlín, Raymundo |e author |9 294971 | ||
| 245 | 1 | 0 | |a Nuevas dimensiones del comercio internacional |
| 300 | |a 121 p | ||
| 942 | |c BK | ||
| 945 | |d 19881006 00:00:00 | ||
| 260 | |a Santiago |b Universidad de Chile |c 1982 | ||
| 650 | 0 | |a Comercio internacional |9 294980 | |
| 650 | 0 | |a Tratados comerciales |9 294981 | |
| 583 | |a last modification |c 19881006 00:00:00 |k Rodrigo Vera | ||
| 490 | 0 | |a Estudios Internacionales | |
| 999 | |c 208928 |d 208926 | ||
| 952 | |0 0 |1 0 |4 0 |6 341_750000000000000_ARM_1982 |7 0 |8 A |9 183939 |a BIBDER |b BIBDER |d 2019-11-14 |i 250863K |o 341.75 ARM 1982 |p 250863K |r 2023-01-25 |w 2019-11-14 |y BK |k DER | ||
| 952 | |0 0 |1 0 |4 0 |6 341_750000000000000_ARM_1982 |7 0 |8 A |9 183940 |a BIBING |b BIBING |d 2019-11-14 |i 1645021 |o 341.75 ARM 1982 |p 1645021 |r 2025-01-20 |w 2019-11-14 |y BK |k TRA | ||
| 952 | |0 0 |1 0 |4 0 |6 341_750000000000000_ARM_1982 |7 0 |8 A |9 183941 |a BIBING |b BIBING |d 2019-11-14 |i 1645455 |o 341.75 ARM 1982 |p 1645455 |r 2025-01-20 |w 2019-11-14 |y BK |k TRA | ||
| 952 | |0 0 |1 0 |4 0 |6 341_750000000000000_ARM_1982 |7 0 |8 A |9 183943 |a BIBGIM |b BIBGIM |d 2019-11-14 |i 3604179 |o 341.75 ARM 1982 |p 3604179 |r 2025-01-15 |w 2019-11-14 |y BK |k ORI | ||